Analýza trhu práce SR. 1
Štúdia analyzuje makroekonomické súvislosti zamestnanosti, naznačuje niektoré praktické problémy pri uplatňovaní politiky zamestnanosti a vymedzuje prioritné problémy trhu práce SR. Tri hlavné ciele analýzy. Vývoj pracovných síl a populačný vývoj. Makroekonomické súvislosti zamestnanosti. Typy nerov...
Saved in:
| Main Author: | |
|---|---|
| Format: | Book Chapter |
| Language: | Slovak |
| Subjects: | |
| Tags: |
No Tags, Be the first to tag this record!
|
MARC
| LEADER | 00000naa a2200000 4500 | ||
|---|---|---|---|
| 001 | r019418 | ||
| 005 | 20221205102856.0 | ||
| 041 | 0 | |a slo | |
| 044 | |a SK | ||
| 245 | 1 | 0 | |a Analýza trhu práce SR. 1 |c Pavol Ochotnický |
| 520 | |a Štúdia analyzuje makroekonomické súvislosti zamestnanosti, naznačuje niektoré praktické problémy pri uplatňovaní politiky zamestnanosti a vymedzuje prioritné problémy trhu práce SR. Tri hlavné ciele analýzy. Vývoj pracovných síl a populačný vývoj. Makroekonomické súvislosti zamestnanosti. Typy nerovnováhy trhu práce. Analýza tokov na trhu práce SR. Regionálne problémy trhu práce. | ||
| 610 | 2 | 0 | |a trh práce |
| 610 | 2 | 0 | |a Slovensko |
| 610 | 2 | 0 | |a analýza ekonomická |
| 610 | 2 | 0 | |a politika zamestnanosti |
| 610 | 2 | 0 | |a zamestnanosť |
| 610 | 2 | 0 | |a nezamestnanosť |
| 610 | 2 | 0 | |a aktivita hospodárska |
| 610 | 2 | 0 | |a sily pracovné |
| 610 | 2 | 0 | |a vývoj populačný |
| 610 | 2 | 0 | |a štruktúra obyvateľstva |
| 610 | 2 | 0 | |a okresy |
| 610 | 2 | 0 | |a regióny |
| 610 | 2 | 0 | |a ukazovatele ekonomické |
| 610 | 2 | 0 | |a makroekonomika |
| 610 | 2 | 0 | |a produkt domáci hrubý |
| 100 | 1 | |a Ochotnický, Pavol | |